Thermodynamics (Record no. 5996)

000 -LEADER
fixed length control field 00510nam a2200205 i 4500
001 - CONTROL NUMBER
control field 5996
003 - CONTROL NUMBER IDENTIFIER
control field BD-DhUET
008 - FIXED-LENGTH DATA ELEMENTS--GENERAL INFORMATION
fixed length control field 770308s1978 nyua b 001 0 eng
020 ## - INTERNATIONAL STANDARD BOOK NUMBER
International Standard Book Number 0029789109
040 ## - CATALOGING SOURCE
Original cataloging agency DLC
Transcribing agency DLC
Modifying agency BD-DhUET
082 00 - DEWEY DECIMAL CLASSIFICATION NUMBER
Classification number 621.01
Item number FAI/1970
100 ## - MAIN ENTRY--PERSONAL NAME
Personal name Faires, Virgil Moring
245 10 - TITLE STATEMENT
Title Thermodynamics
250 ## - EDITION STATEMENT
Edition statement 6th ed.
260 ## - PUBLICATION, DISTRIBUTION, ETC. (IMPRINT)
Place of publication, distribution, etc. New York
Name of publisher, distributor, etc. Macmillan
Date of publication, distribution, etc. 1978
300 ## - PHYSICAL DESCRIPTION
Extent xxiii, 647 p.
Other physical details ill.
Dimensions 26 cm.
650 #0 - SUBJECT ADDED ENTRY--TOPICAL TERM
Topical term or geographic name as entry element Thermodynamics
700 ## - ADDED ENTRY--PERSONAL NAME
Personal name Simmang, Clifford M.
942 ## - ADDED ENTRY ELEMENTS (KOHA)
Koha item type General Book
Holdings
Koha item type Withdrawn status Damaged status Koha date last seen Lost status Sublocation or collection (holding branch) Location (home branch) Shelving location Koha full call number Date acquired Source of classification or shelving scheme Piece designation (barcode) Copy number Not for loan Koha normalized classification for sorting Price effective from
General Book  2014-11-29 Central Library, BUETCentral Library, BUETCirculation section621.01/FAI/19782014-11-29 370552 621_010000000000000_FAI_19782014-11-29
General Book  2014-11-29 Central Library, BUETCentral Library, BUETCirculation section621.01FAI/19782014-11-29 536293 621_000000000000000_01FAI19782014-11-29
General Book  2015-06-14 Central Library, BUETCentral Library, BUETReading section621.01/FAI/19702015-06-14 553953 621_010000000000000_FAI_19702015-06-14
General Book  2015-06-16 Central Library, BUETCentral Library, BUETReading section621.01/FAI/19702015-06-16 429424 621_010000000000000_FAI_19702015-06-16
Reading Item  2015-06-29 Central Library, BUETCentral Library, BUETReading section621.01/FAI/19702015-06-29 509465 621_010000000000000_FAI_19702015-06-29